| 000 | 01666mam a2200349 a 4500 | ||
|---|---|---|---|
| 001 | 1961823 | ||
| 003 | NUST | ||
| 005 | 20210924121920.0 | ||
| 008 | 970113s1997 enka b 001 0 eng d | ||
| 010 | _agb 97004673 | ||
| 015 | _aGB97-4673 | ||
| 020 | _a0412607808 : | ||
| 035 | _a(OCoLC)36339160 | ||
| 035 | _a(OCoLC)ocm36339160 | ||
| 035 | _a(NNC)1961823 | ||
| 038 | _akhadija | ||
| 040 |
_aUk _cUk _dDLC _dNIC _dOrLoB-B |
||
| 082 | 0 | 4 |
_a612.0144102 _221 _bOPT |
| 245 | 0 | 0 |
_aOptical Measurement Methods in Biomechanics / _cedited by J. F. Orr and J. C. Shelton. |
| 250 | _a1st ed. | ||
| 260 |
_aLondon ; _aNew York : _bChapman & Hall, _c1997. |
||
| 300 |
_axii, 196 p. : _bill. ; _c24 cm. |
||
| 504 | _aIncludes bibliographical references and index. | ||
| 505 | 0 | 0 |
_g1. _tPhotoelastic stress analysis / _rJ. F. Orr and J. B. Finlay -- _g2. _tStereo photogrammetry / _rL. P. Adams and A. Spirakis -- _g3. _tStructured light surface measurement techniques / _rA. R. Turner-Smith -- _g4. _tHolographic interferometry / _rJ. R. Tyrer and J. C. Shelton -- _g5. _tSpeckle techniques / _rJ. D. Briers -- _g6. _tElectronic speckle pattern interferometry / _rJ. R. Tyrer -- _g7. _tOptometric methods in biomechanical gait analysis / _rH. S. Gill, J. Morris and E. Biden [et al.] -- _g8. _tSoft tissue strain measurement / _rN. G. Shrive -- _g9. _tThe practical application of Fuji Prescale pressure-sensitive film / _rA. B. Liggins. |
| 563 | _ahardcover | ||
| 650 | 0 |
_aOptical measurements. _981359 |
|
| 650 | 0 |
_aBiomechanics _xMeasurement. _981360 |
|
| 700 | 1 |
_aOrr, J. F. _q(John F.) _981361 |
|
| 700 | 1 |
_aShelton, J. C. _q(Julia C.) _981362 |
|
| 900 | _bTOC | ||
| 942 |
_2ddc _cBK |
||
| 999 |
_c34064 _d34064 |
||